Loading...
| Fine Arts - Other | 0 | 4 | 0 | 0 | 40 | 81 | 90.00 | 0 | 2 | 9.44 | 19.70 |
| Literature - British | 0 | 2 | 0 | 0 | 20 | 115 | 130.50 | 0 | 0 | 1.82 | 7.79 |
| Other Academic | 0 | 1 | 0 | 1 | 10 | 141 | 141.00 | 0 | 0 | -0.16 | 0.46 |
| History - European | 0 | 1 | 0 | 1 | 10 | 141 | 141.00 | 0 | 1 | -0.04 | 2.80 |
| History - Other | 0 | 1 | 0 | 1 | 10 | 136 | 136.00 | 0 | 0 | -0.18 | 0.25 |
| Religion | 0 | 1 | 0 | 0 | 10 | 109 | 109.00 | 0 | 0 | 1.24 | 5.00 |
| Fine Arts - Painting & Sculpture | 0 | 1 | 0 | 1 | 10 | 135 | 135.00 | 0 | 0 | 0.00 | 0.25 |
| Literature - European | 0 | 1 | 0 | 0 | 10 | 18 | 18.00 | 1 | 1 | 5.16 | 5.88 |
| Literature - World | 0 | 1 | 0 | 0 | 10 | 140 | 140.00 | 0 | 0 | 0.08 | 0.59 |
| History - American | 0 | 1 | 1 | 0 | 5 | 129 | 129.00 | 0 | 0 | 0.76 | 1.18 |
| Literature - American | 0 | 2 | 4 | 0 | 0 | 136 | 144.50 | 0 | 0 | 0.66 | 4.90 |
| Science - Biology | 0 | 0 | 1 | 0 | -5 | 0.00 | 0 | 0 | 0.00 | 0.00 |